• 首页
  • 本馆介绍
  • 公告通知
  • 最新文献
  • 馆藏检索
  • 电子资源
  • 读者导购
  • 参考咨询
  • 我的图书馆
  • 登录
  • 详细信息显示
  • 放入我的书架
  • 预约/预借图书
  • 作者相关作品
  • 分类相关作品
  • 丛书相关作品
  • 出版社相关作品

书目信息

  • 表格格式
  • 工作单格式
  • 卡片格式
题名:
煤矿安全规程(1986年版)培训教材
    
 
作者: 赵全福 主编 ;煤炭工业部 制定
分册:  
出版信息: 北京   煤炭工业出版社  1986
页数: 442页
开本: 26cm
丛书名:
单 册:
中图分类: TD7-65
科图分类:
主题词: 矿山安全--规程--中国
电子资源:
ISBN:
000 00734nam0 2200241 45
001 0180009690
005 20070724083149.53
010    @dCNY6.00
091    @aCN@b15370.63
100    @a19950706d1986 emky0chiy0121 ea
101 0  @achi
102    @aCN@b110000
105    @ay z 000yy
200 10 @a煤矿安全规程(1986年版)培训教材@Amei kuang an quan gui cheng(1986 nian ban)pei xun jiao cai@f赵全福等主编@Fzhao quan fu deng zhu bian
210    @a北京@c煤炭工业出版社@d1986
215    @a442页@d26cm
606    @a矿山安全@x规程@y中国
690    @aTD7-65@v3
701  0 @a赵全福@Azhao quan fu@4主编
711 02 @a煤炭工业部@Amei tan gong ye bu@4制定
801  2 @aCN@bNLC@c20070724
801  0 @aCN@bTSSF
905    @a10447@dTD7-65@e19
    
    煤矿安全规程(1986年版)培训教材/赵全福等主编.-北京:煤炭工业出版社,1986
    442页;26cm
    
    
    ISBN :CNY6.00
    
●
相关链接 在E读中查询图书 在五车中查询图书 在当当中查询图书 在豆瓣中查询图书


正题名:煤矿安全规程(1986年版)培训教材     索取号:TD7-65/19         预约/预借

序号 登录号 条形码 馆藏地/架位号 状态 备注
1 0768449   207684497   第二样本阅览室/ [索取号:TD7-65/19] 在馆    
唐山师范学院图书馆 欢迎您!
大连网信软件有限公司© 版权所有